000 00497cam a2200205 4500
001 D1344
008 090401t1980 xxu||||| |||| 00| 0 eng d
035 _a(Sirsi) u63522
041 _aeng
050 _a634
100 _aBean, W.J.
245 _aTrees and shrubs hardy in the British Isles Volume IV Ri-Z
250 _a8th
260 _aLondon
_bJohn Murray
_c1980
300 _axv. 808p. ill. 22cm
350 _a40
520 _a8th edition revised
942 _n0
948 _c04/03/1997
999 _c94579
_d94579